00338nam a2200133Ia 4500008004100000041000800041082001200049100001500061245004500076250001400121260002900135300003300164365000700197240624s9999 xx 000 0 und d aeng a657 SHA aSHARMA D G aILLUSTRATED GUIDE TO ACCOUNTING STANDARD a(2nd ed.) c2004aNew DelhibTaxmann acxxiv, : 513 : p. : cm. ; 24 cRS